| 000 | 00535nam a22001937a 4500 | ||
|---|---|---|---|
| 003 | CEME | ||
| 005 | 20210628202738.0 | ||
| 008 | 210115b xxu||||| |||| 00| 0 eng d | ||
| 020 | _a978-0-750666732 | ||
| 040 | _cceme | ||
| 082 | _a621.31913 BAY | ||
| 100 |
_aBayliss, C.R,Hardy, B.J _961393 |
||
| 245 | _aTransmission and distribution electrical engineering | ||
| 250 | _a3RD | ||
| 260 |
_aNEW YORK _bNEWNESS _c2007 |
||
| 300 | _aXXVIII,1010 P | ||
| 650 |
_aELECTRIC POWER DISTRIBUTION - HIGH TENSION _961394 |
||
| 942 |
_cBK _2ddc |
||
| 999 |
_c570862 _d570862 |
||